ʻAlī barādarān. (Record no. 77179)

MARC details
000 -LEADER
fixed length control field 00654cam a22002411 4500
001 - CONTROL NUMBER
control field sa 68000388
003 - CONTROL NUMBER IDENTIFIER
control field DLC
005 - DATE AND TIME OF LATEST TRANSACTION
control field 20260227112423.0
008 - FIXED-LENGTH DATA ELEMENTS--GENERAL INFORMATION
fixed length control field 890821s1963 pk ac 010 0 urdr
010 ## - LIBRARY OF CONGRESS CONTROL NUMBER
LC control number sa 68000388
035 ## - SYSTEM CONTROL NUMBER
System control number (OCoLC)20224787
040 ## - CATALOGING SOURCE
Original cataloging agency DLC
Transcribing agency WaU
Modifying agency DLC
043 ## - GEOGRAPHIC AREA CODE
Geographic area code a-ii---
050 00 - LIBRARY OF CONGRESS CALL NUMBER
Classification number DS481.A5
Item number J3
Classification number D10
100 1# - MAIN ENTRY--PERSONAL NAME
Personal name Jaʻfrī, Raʼīs Aḥmad,
Dates associated with a name 1912-1968.
245 10 - TITLE STATEMENT
Title ʻAlī barādarān.
260 ## - PUBLICATION, DISTRIBUTION, ETC.
Place of publication, distribution, etc. Lahore,
Date of publication, distribution, etc. [1963]
300 ## - PHYSICAL DESCRIPTION
Extent 640 p.
Other physical details illus., ports (part col.)
Dimensions 25 cm.
546 ## - LANGUAGE NOTE
Language note In Urdu.
600 10 - SUBJECT ADDED ENTRY--PERSONAL NAME
Personal name Ali, Mohamed,
Dates associated with a name 1878-1931.
600 10 - SUBJECT ADDED ENTRY--PERSONAL NAME
Personal name Ali, Shaukat,
Titles and other words associated with a name Maulana,
Dates associated with a name 1873-
650 #0 - SUBJECT ADDED ENTRY--TOPICAL TERM
Topical term or geographic name entry element Muslims
Geographic subdivision India.

No items available.

Powered by Koha